Top 50 Best Footballers of All Time - Statistics

General Stats
  • This quiz has been taken 284 times
  • The average score is 23 of 50
Answer Stats
Pos. No. Nation Player % Correct
4. Portugal Cristiano Ronaldo
99%
1. Argentina Lionel Messi
99%
6. Brazil Ronaldo
99%
2. Brazil Pelé
97%
3. Argentina Diego Maradona
95%
5. France Zinedine Zidane
92%
8. Netherlands Johan Cruyff
79%
7. Brazil Ronaldinho
78%
13. Northern Ireland George Best
73%
15. Sweden Zlatan Ibrahimović
69%
10. Germany Franz Beckenbauer
65%
33. Wales Gareth Bale
61%
21. Hungary Ferenc Puskas
58%
25. Spain Andres Iniesta
57%
18. England Wayne Rooney
57%
26. Spain Xavi Hernandez
56%
29. France Michel Platini
53%
45. Netherlands Marco van Basten
52%
22. Brazil Roberto Carlos
52%
19. France Thierry Henry
52%
46. England Bobby Charlton
50%
28. Soviet Russia Lev Yashin
49%
9. England David Beckham
48%
24. Portugal Eusebio
48%
16. Argentina Alfredo Di Stéfano
45%
50. Wales Ryan Giggs
43%
17. Brazil Kaka
42%
20. Brazil Zico
41%
43. Netherlands Arjen Robben
40%
23. Brazil Garrincha
39%
27. England Steven Gerrard
39%
31. Italy Gianluigi Buffon
37%
49. Germany Manuel Neuer
32%
44. Italy Roberto Baggio
32%
36. Netherlands Robin van Persie
30%
48. Italy Andrea Pirlo
29%
30. Spain Iker Casillas
29%
34. Netherlands Dennis Bergkamp
28%
47. Mexico Hugo Sanchez
27%
39. Italy Alessandro del Piero
24%
38. Spain Fernando Torres
17%
37. France Franck Ribery
15%
32. Iran Ali Daei
14%
35. Germany Mesut Özil
9%
14. Brazil Neymar Jr.
7%
12. Iran Ali Karimi
2%
41. Iran Mehdi Mahdavikia
1%
40. Iran Ahmad Reza Abedzadeh
0%
11. Iran Farhad Majidi
0%
42. Iran Naser Hejazi
0%
No matching quizzes found
Score Distribution
Percent of People with Each Score
Percentile by Number Answered
Your Score History
You have not taken this quiz